[Event "DVM U16w 2023"]
[Site "Magdeburg GER"]
[Date "2023.12.29"]
[Round "5"]
[White "Piffczyk, Claudia"]
[Black "Kremling, Alamea"]
[Result "0-1"]
[Termination "normal"]
[Board "7.4"]
[WhiteElo "911"]
[BlackElo "1006"]
[WhiteClock "00:23:25"]
[BlackClock "00:49:12"]
[WhiteTeam "SC Garching 1980 2"]
[BlackTeam "SC Weisse Dame"]
[PlyCount "88"]
[WhiteFideId "34639829"]
[BlackFideId "34630228"]
[EventCountry "GER"]
[EventRounds "7"]
[EventType "team-swiss"]
[EventDate "2023.12.26"]

1. e4 {[%clk 01:30:30]} {[%emt 00:06:27]} e5 {[%clk 01:30:30]} {[%emt
00:00:07]} 2. Nf3 {[%clk 01:30:30]} {[%emt 00:00:10]} Nc6 {[%clk 01:30:30]}
{[%emt 00:00:09]} 3. Nc3 {[%clk 01:30:30]} {[%emt 00:00:18]} Nf6 {[%clk
01:30:30]} {[%emt 00:00:10]} 4. Bc4 {[%clk 01:30:30]} {[%emt 00:00:29]} Nxe4
{[%clk 01:30:23]} {[%emt 00:00:40]} 5. d3 {[%clk 01:22:57]} {[%emt 00:08:03]}
Nxc3 {[%clk 01:25:07]} {[%emt 00:05:47]} 6. bxc3 {[%clk 01:22:59]} {[%emt
00:00:27]} d5 {[%clk 01:24:29]} {[%emt 00:01:07]} 7. Bb3 {[%clk 01:17:15]}
{[%emt 00:06:14]} Bg4 {[%clk 01:22:47]} {[%emt 00:02:13]} 8. O-O {[%clk
01:16:30]} {[%emt 00:01:16]} Bc5 {[%clk 01:19:38]} {[%emt 00:03:39]} 9. Re1
{[%clk 01:08:40]} {[%emt 00:08:19]} O-O {[%clk 01:18:58]} {[%emt 00:01:10]} 10.
c4 {[%clk 01:04:28]} {[%emt 00:04:43]} dxc4 {[%clk 01:14:41]} {[%emt 00:04:46]}
11. Bxc4 {[%clk 01:03:04]} {[%emt 00:01:54]} Re8 {[%clk 01:05:05]} {[%emt
00:10:06]} 12. Re4 {[%clk 00:57:55]} {[%emt 00:05:38]} Bh5 {[%clk 01:03:54]}
{[%emt 00:01:41]} 13. Rh4 {[%clk 00:57:08]} {[%emt 00:01:19]} Qxh4 {[%clk
01:01:10]} {[%emt 00:03:13]} 14. Nxh4 {[%clk 00:57:21]} {[%emt 00:00:17]} Bxd1
{[%clk 01:01:27]} {[%emt 00:00:13]} 15. c3 {[%clk 00:38:17]} {[%emt 00:19:35]}
Rad8 {[%clk 00:58:09]} {[%emt 00:03:48]} 16. Bg5 {[%clk 00:36:08]} {[%emt
00:02:38]} Be2 {[%clk 00:53:38]} {[%emt 00:05:01]} 17. Bxd8 {[%clk 00:35:40]}
{[%emt 00:00:58]} Rxd8 {[%clk 00:53:18]} {[%emt 00:00:50]} 18. Bb5 {[%clk
00:34:46]} {[%emt 00:01:24]} Bxd3 {[%clk 00:51:49]} {[%emt 00:01:59]} 19. Rd1
{[%clk 00:34:09]} {[%emt 00:01:08]} Bxb5 {[%clk 00:51:48]} {[%emt 00:00:30]}
20. Rxd8+ {[%clk 00:34:30]} {[%emt 00:00:10]} Nxd8 {[%clk 00:52:13]} {[%emt
00:00:05]} 21. Nf3 {[%clk 00:33:08]} {[%emt 00:01:50]} f6 {[%clk 00:52:27]}
{[%emt 00:00:17]} 22. Nd2 {[%clk 00:33:19]} {[%emt 00:00:19]} Ne6 {[%clk
00:52:18]} {[%emt 00:00:40]} 23. c4 {[%clk 00:33:37]} {[%emt 00:00:11]} Bc6
{[%clk 00:52:31]} {[%emt 00:00:18]} 24. Nb3 {[%clk 00:33:33]} {[%emt 00:00:34]}
b6 {[%clk 00:52:44]} {[%emt 00:00:17]} 25. h3 {[%clk 00:33:34]} {[%emt
00:00:28]} Kf7 {[%clk 00:52:55]} {[%emt 00:00:21]} 26. g4 {[%clk 00:28:39]}
{[%emt 00:05:24]} b5 {[%clk 00:52:50]} {[%emt 00:00:37]} 27. Na5 {[%clk
00:27:23]} {[%emt 00:01:45]} Bd7 {[%clk 00:51:54]} {[%emt 00:01:26]} 28. Kg2
{[%clk 00:27:00]} {[%emt 00:00:52]} bxc4 {[%clk 00:51:18]} {[%emt 00:01:08]}
29. Nxc4 {[%clk 00:26:55]} {[%emt 00:00:35]} Bc6+ {[%clk 00:49:39]} {[%emt
00:02:09]} 30. Kg3 {[%clk 00:23:20]} {[%emt 00:04:05]} Bd5 {[%clk 00:49:12]}
{[%emt 00:00:57]} 31. Nd2 {[%clk 00:22:34]} {[%emt 00:01:15]} Bxa2 {[%clk
00:49:24]} {[%emt 00:00:18]} 32. Ne4 {[%clk 00:22:06]} {[%emt 00:00:56]} a5
{[%clk 00:49:05]} {[%emt 00:00:51]} 33. Nc3 {[%clk 00:21:10]} {[%emt 00:01:25]}
Bc4 {[%clk 00:48:51]} {[%emt 00:00:45]} 34. Na4 {[%clk 00:21:11]} {[%emt
00:00:30]} Bb5 {[%clk 00:48:34]} {[%emt 00:00:47]} 35. Nc3 {[%clk 00:21:13]}
{[%emt 00:00:27]} c6 {[%clk 00:48:51]} {[%emt 00:00:14]} 36. f3 {[%clk
00:21:18]} {[%emt 00:00:24]} a4 {[%clk 00:49:04]} {[%emt 00:00:18]} 37. h4
{[%clk 00:21:35]} {[%emt 00:00:12]} a3 {[%clk 00:49:06]} {[%emt 00:00:28]} 38.
h5 {[%clk 00:21:52]} {[%emt 00:00:13]} Bc4 {[%clk 00:48:29]} {[%emt 00:01:07]}
39. Nd1 {[%clk 00:22:01]} {[%emt 00:00:19]} a2 {[%clk 00:48:49]} {[%emt
00:00:11]} 40. Nb2 {[%clk 00:22:24]} {[%emt 00:00:07]} Bd5 {[%clk 00:48:25]}
{[%emt 00:00:54]} 41. Nd3 {[%clk 00:22:40]} {[%emt 00:00:13]} a1=Q {[%clk
00:48:26]} {[%emt 00:00:29]} 42. Nf2 {[%clk 00:22:52]} {[%emt 00:00:19]} Qg1+
{[%clk 00:48:33]} {[%emt 00:00:23]} 43. Kh3 {[%clk 00:23:12]} {[%emt 00:00:09]}
Bxf2 {[%clk 00:48:50]} {[%emt 00:00:13]} 44. f4 {[%clk 00:23:25]} {[%emt
00:00:17]} Qg3# {[%clk 00:49:12]} {[%emt 00:00:08]} 0-1

[Event "DVM U16w 2023"]
[Site "Magdeburg GER"]
[Date "2023.12.29"]
[Round "5"]
[White "Schwarzfischer, Julia"]
[Black "Bakó, Isabella"]
[Result "1/2-1/2"]
[Termination "normal"]
[Board "8.1"]
[WhiteElo "1438"]
[BlackElo "1399"]
[WhiteClock "01:22:32"]
[BlackClock "00:25:37"]
[WhiteTeam "SF Roding"]
[BlackTeam "SV Stuttgart-Wolfbusch 1956"]
[PlyCount "46"]
[WhiteFideId "16268105"]
[BlackFideId "16287266"]
[EventCountry "GER"]
[EventRounds "7"]
[EventType "team-swiss"]
[EventDate "2023.12.26"]

1. e4 {[%clk 01:30:59]} {[%emt 00:00:02]} c5 {[%clk 01:30:53]} {[%emt
00:00:07]} 2. Be2 {[%clk 01:31:25]} {[%emt 00:00:04]} Nc6 {[%clk 01:30:33]}
{[%emt 00:00:50]} 3. f4 {[%clk 01:31:49]} {[%emt 00:00:06]} d6 {[%clk
01:30:15]} {[%emt 00:00:48]} 4. d3 {[%clk 01:32:14]} {[%emt 00:00:06]} e6
{[%clk 01:28:36]} {[%emt 00:02:09]} 5. Nf3 {[%clk 01:32:37]} {[%emt 00:00:06]}
g6 {[%clk 01:27:10]} {[%emt 00:01:57]} 6. c3 {[%clk 01:32:58]} {[%emt
00:00:08]} Bg7 {[%clk 01:27:07]} {[%emt 00:00:34]} 7. Nbd2 {[%clk 01:33:11]}
{[%emt 00:00:16]} Nge7 {[%clk 01:26:14]} {[%emt 00:01:23]} 8. O-O {[%clk
01:33:12]} {[%emt 00:00:29]} O-O {[%clk 01:26:17]} {[%emt 00:00:26]} 9. Kh1
{[%clk 01:33:37]} {[%emt 00:00:06]} f5 {[%clk 01:24:02]} {[%emt 00:02:44]} 10.
Qe1 {[%clk 01:33:46]} {[%emt 00:00:22]} e5 {[%clk 01:08:11]} {[%emt 00:16:22]}
11. Ng5 {[%clk 01:29:39]} {[%emt 00:04:37]} exf4 {[%clk 00:53:08]} {[%emt
00:15:32]} 12. Rxf4 {[%clk 01:29:13]} {[%emt 00:00:57]} Bh6 {[%clk 00:49:10]}
{[%emt 00:04:28]} 13. Qh4 {[%clk 01:28:14]} {[%emt 00:01:29]} Kg7 {[%clk
00:47:15]} {[%emt 00:02:24]} 14. Rf1 {[%clk 01:27:45]} {[%emt 00:01:00]} Ng8
{[%clk 00:44:54]} {[%emt 00:02:50]} 15. Ndf3 {[%clk 01:27:52]} {[%emt
00:00:25]} Ne5 {[%clk 00:40:40]} {[%emt 00:04:44]} 16. Qg3 {[%clk 01:23:24]}
{[%emt 00:04:57]} Nxf3 {[%clk 00:35:50]} {[%emt 00:05:20]} 17. Bxf3 {[%clk
01:21:06]} {[%emt 00:02:48]} f4 {[%clk 00:35:46]} {[%emt 00:00:34]} 18. Bxf4
{[%clk 01:21:03]} {[%emt 00:00:33]} Rxf4 {[%clk 00:34:13]} {[%emt 00:02:03]}
19. Qxf4 {[%clk 01:21:16]} {[%emt 00:00:18]} Bxg5 {[%clk 00:34:16]} {[%emt
00:00:25]} 20. Qg3 {[%clk 01:21:32]} {[%emt 00:00:15]} Bh4 {[%clk 00:31:28]}
{[%emt 00:03:17]} 21. Qf4 {[%clk 01:21:54]} {[%emt 00:00:10]} Bg5 {[%clk
00:29:43]} {[%emt 00:02:14]} 22. Qg3 {[%clk 01:22:12]} {[%emt 00:00:11]} Bh4
{[%clk 00:28:04]} {[%emt 00:02:11]} 23. Qf4 {[%clk 01:22:32]} {[%emt 00:00:09]}
Bg5 {[%clk 00:25:37]} {[%emt 00:02:56]} 1/2-1/2

[Event "DVM U16w 2023"]
[Site "Magdeburg GER"]
[Date "2023.12.29"]
[Round "5"]
[White "Schmidt, Emelie"]
[Black "Boronina, Kseniia"]
[Result "0-1"]
[Termination "normal"]
[Board "8.2"]
[WhiteElo "1189"]
[BlackElo "1300"]
[WhiteClock "00:25:19"]
[BlackClock "00:16:12"]
[WhiteTeam "SV Stuttgart-Wolfbusch 1956"]
[BlackTeam "SF Roding"]
[PlyCount "50"]
[WhiteFideId "34682490"]
[BlackFideId "34308768"]
[EventCountry "GER"]
[EventRounds "7"]
[EventType "team-swiss"]
[EventDate "2023.12.26"]

1. d4 {[%clk 01:30:57]} {[%emt 00:00:03]} Nf6 {[%clk 01:30:56]} {[%emt
00:00:04]} 2. Nf3 {[%clk 01:31:17]} {[%emt 00:00:09]} g6 {[%clk 01:31:20]}
{[%emt 00:00:07]} 3. Bf4 {[%clk 01:31:17]} {[%emt 00:00:31]} Bg7 {[%clk
01:31:40]} {[%emt 00:00:10]} 4. e3 {[%clk 01:31:00]} {[%emt 00:00:48]} O-O
{[%clk 01:31:37]} {[%emt 00:00:32]} 5. Nbd2 {[%emt 00:01:15]} d5 {[%clk
01:31:41]} 6. Bd3 {[%clk 01:30:24]} {[%emt 00:00:48]} c5 {[%clk 01:28:56]}
{[%emt 00:03:15]} 7. c3 {[%clk 01:26:17]} {[%emt 00:04:37]} c4 {[%clk
01:21:35]} {[%emt 00:07:51]} 8. Bc2 {[%clk 01:23:07]} {[%emt 00:03:39]} Re8
{[%clk 01:14:19]} {[%emt 00:07:45]} 9. b3 {[%clk 01:12:41]} {[%emt 00:10:56]}
cxb3 {[%clk 01:10:15]} {[%emt 00:04:34]} 10. axb3 {[%clk 01:09:22]} {[%emt
00:03:48]} Nbd7 {[%clk 00:59:43]} {[%emt 00:11:04]} 11. O-O {[%clk 01:05:07]}
{[%emt 00:04:45]} b6 {[%clk 00:48:53]} {[%emt 00:11:19]} 12. c4 {[%clk
00:57:50]} {[%emt 00:07:49]} Bb7 {[%clk 00:46:20]} {[%emt 00:03:03]} 13. Nb1
{[%clk 00:51:20]} {[%emt 00:06:59]} Ne4 {[%clk 00:43:13]} {[%emt 00:03:37]} 14.
Bxe4 {[%clk 00:50:44]} {[%emt 00:01:06]} dxe4 {[%clk 00:43:35]} {[%emt
00:00:07]} 15. Nfd2 {[%clk 00:51:02]} {[%emt 00:00:12]} e5 {[%clk 00:42:25]}
{[%emt 00:01:41]} 16. Bxe5 {[%clk 00:44:04]} {[%emt 00:07:28]} Nxe5 {[%clk
00:42:43]} {[%emt 00:00:11]} 17. dxe5 {[%clk 00:44:16]} {[%emt 00:00:18]} Qc7
{[%clk 00:38:48]} {[%emt 00:04:26]} 18. Qc2 {[%clk 00:38:26]} {[%emt 00:06:20]}
Bxe5 {[%clk 00:38:54]} {[%emt 00:00:24]} 19. Ra2 {[%clk 00:36:02]} {[%emt
00:02:54]} Bxh2+ {[%clk 00:38:44]} {[%emt 00:00:40]} 20. Kh1 {[%clk 00:36:24]}
{[%emt 00:00:08]} Re5 {[%clk 00:18:48]} {[%emt 00:20:25]} 21. g3 {[%clk
00:27:54]} {[%emt 00:09:00]} Rh5 {[%clk 00:17:00]} {[%emt 00:02:18]} 22. Kg2
{[%clk 00:27:11]} {[%emt 00:01:12]} Qd7 {[%clk 00:15:37]} {[%emt 00:01:50]} 23.
Rd1 {[%clk 00:24:36]} {[%emt 00:03:09]} Qh3+ {[%clk 00:15:53]} {[%emt
00:00:14]} 24. Kh1 {[%clk 00:24:59]} {[%emt 00:00:08]} Bg1+ {[%clk 00:16:15]}
{[%emt 00:00:08]} 25. Kxg1 {[%clk 00:25:19]} {[%emt 00:00:09]} Qh1# {[%clk
00:16:12]} {[%emt 00:00:04]} 0-1

[Event "DVM U16w 2023"]
[Site "Magdeburg GER"]
[Date "2023.12.29"]
[Round "5"]
[White "Schwarzfischer, Ramona"]
[Black "Schmidt, Sophie"]
[Result "0-1"]
[Termination "normal"]
[Board "8.3"]
[WhiteElo "988"]
[BlackElo "1167"]
[WhiteClock "00:08:08"]
[BlackClock "00:22:38"]
[WhiteTeam "SF Roding"]
[BlackTeam "SV Stuttgart-Wolfbusch 1956"]
[PlyCount "122"]
[WhiteFideId "16268113"]
[BlackFideId "34682503"]
[EventCountry "GER"]
[EventRounds "7"]
[EventType "team-swiss"]
[EventDate "2023.12.26"]

1. d4 {[%clk 01:30:58]} {[%emt 00:00:02]} d5 {[%clk 01:30:56]} {[%emt
00:00:06]} 2. Nf3 {[%clk 01:31:22]} {[%emt 00:00:05]} Nf6 {[%clk 01:31:15]}
{[%emt 00:00:10]} 3. Bf4 {[%clk 01:31:47]} {[%emt 00:00:07]} Bf5 {[%clk
01:31:03]} {[%emt 00:00:41]} 4. e3 {[%clk 01:31:53]} {[%emt 00:00:24]} e6
{[%clk 01:30:41]} {[%emt 00:00:51]} 5. c3 {[%clk 01:32:06]} {[%emt 00:00:19]}
Be7 {[%clk 01:30:54]} {[%emt 00:00:17]} 6. Nbd2 {[%clk 01:32:02]} {[%emt
00:00:33]} O-O {[%clk 01:30:56]} {[%emt 00:00:28]} 7. Be2 {[%clk 01:31:53]}
{[%emt 00:00:39]} Nh5 {[%clk 01:30:30]} {[%emt 00:00:55]} 8. Bg3 {[%clk
01:31:10]} {[%emt 00:01:13]} Nxg3 {[%clk 01:30:34]} {[%emt 00:00:27]} 9. hxg3
{[%clk 01:31:34]} {[%emt 00:00:06]} c5 {[%clk 01:29:12]} {[%emt 00:01:51]} 10.
Rc1 {[%clk 01:31:54]} {[%emt 00:00:10]} Qb6 {[%clk 01:28:22]} {[%emt 00:01:21]}
11. Qb3 {[%clk 01:31:23]} {[%emt 00:01:00]} Nc6 {[%clk 01:27:04]} {[%emt
00:01:49]} 12. Qxb6 {[%clk 01:30:59]} {[%emt 00:00:55]} axb6 {[%clk 01:27:25]}
{[%emt 00:00:07]} 13. a3 {[%clk 01:31:22]} {[%emt 00:00:08]} Rfc8 {[%clk
01:23:48]} {[%emt 00:04:06]} 14. Nh4 {[%clk 01:30:56]} {[%emt 00:00:56]} Bg6
{[%clk 01:20:33]} {[%emt 00:03:44]} 15. Nxg6 {[%clk 01:30:23]} {[%emt
00:01:04]} fxg6 {[%clk 01:20:54]} {[%emt 00:00:09]} 16. Bg4 {[%clk 01:30:20]}
{[%emt 00:00:32]} Nd8 {[%clk 01:20:28]} {[%emt 00:00:58]} 17. Ke2 {[%clk
01:21:54]} {[%emt 00:08:56]} Rc6 {[%clk 01:14:23]} {[%emt 00:06:35]} 18. f3
{[%clk 01:20:13]} {[%emt 00:02:11]} Rac8 {[%clk 01:08:39]} {[%emt 00:06:13]}
19. Nb3 {[%clk 01:18:13]} {[%emt 00:02:30]} Nf7 {[%clk 01:05:42]} {[%emt
00:03:28]} 20. e4 {[%clk 01:16:39]} {[%emt 00:02:04]} R8c7 {[%clk 01:05:11]}
{[%emt 00:01:00]} 21. exd5 {[%clk 01:08:09]} {[%emt 00:09:01]} exd5 {[%clk
01:05:11]} {[%emt 00:00:28]} 22. Rhe1 {[%clk 01:07:45]} {[%emt 00:00:55]} Nh6
{[%clk 01:04:13]} {[%emt 00:01:29]} 23. Bh3 {[%clk 01:07:46]} {[%emt 00:00:29]}
Bf6 {[%clk 01:03:10]} {[%emt 00:01:33]} 24. Kf2 {[%clk 01:01:26]} {[%emt
00:06:50]} cxd4 {[%clk 00:59:41]} {[%emt 00:03:59]} 25. Be6+ {[%clk 00:55:05]}
{[%emt 00:06:51]} Kf8 {[%clk 00:55:11]} {[%emt 00:04:58]} 26. Bxd5 {[%clk
00:54:38]} {[%emt 00:00:59]} Rd6 {[%clk 00:54:51]} {[%emt 00:00:50]} 27. cxd4
{[%clk 00:44:14]} {[%emt 00:10:54]} Rxc1 {[%clk 00:54:15]} {[%emt 00:01:05]}
28. Rxc1 {[%clk 00:44:25]} {[%emt 00:00:20]} Rxd5 {[%clk 00:54:19]} {[%emt
00:00:26]} 29. Rc8+ {[%clk 00:44:03]} {[%emt 00:00:52]} Ke7 {[%clk 00:54:09]}
{[%emt 00:00:39]} 30. Ke3 {[%clk 00:43:14]} {[%emt 00:01:20]} Nf5+ {[%clk
00:53:37]} {[%emt 00:01:02]} 31. Ke4 {[%clk 00:42:54]} {[%emt 00:00:50]} Rb5
{[%clk 00:52:23]} {[%emt 00:01:44]} 32. Rc3 {[%clk 00:41:15]} {[%emt 00:02:09]}
Nxg3+ {[%clk 00:52:02]} {[%emt 00:00:50]} 33. Kd3 {[%clk 00:40:49]} {[%emt
00:00:56]} Kd6 {[%clk 00:50:21]} {[%emt 00:02:11]} 34. Kc4 {[%clk 00:40:25]}
{[%emt 00:00:53]} Rh5 {[%clk 00:46:07]} {[%emt 00:04:44]} 35. a4 {[%clk
00:38:56]} {[%emt 00:02:00]} h6 {[%clk 00:42:47]} {[%emt 00:03:51]} 36. Rd3
{[%clk 00:37:47]} {[%emt 00:01:39]} Rh2 {[%clk 00:40:41]} {[%emt 00:02:35]} 37.
Rd2 {[%clk 00:34:43]} {[%emt 00:03:33]} Bg5 {[%clk 00:39:22]} {[%emt 00:01:51]}
38. Rc2 {[%clk 00:31:53]} {[%emt 00:03:20]} Nf5 {[%clk 00:38:17]} {[%emt
00:01:34]} 39. Re2 {[%clk 00:31:03]} {[%emt 00:01:21]} Nh4 {[%clk 00:37:51]}
{[%emt 00:00:56]} 40. Re5 {[%clk 00:30:50]} {[%emt 00:00:42]} Rxg2 {[%clk
00:37:44]} {[%emt 00:00:37]} 41. Rd5+ {[%clk 00:31:08]} {[%emt 00:00:11]} Kc7
{[%clk 00:36:32]} {[%emt 00:01:42]} 42. Nc5 {[%clk 00:29:02]} {[%emt 00:02:36]}
bxc5 {[%clk 00:36:03]} {[%emt 00:00:59]} 43. Rxc5+ {[%clk 00:29:18]} {[%emt
00:00:14]} Kb8 {[%clk 00:36:17]} {[%emt 00:00:17]} 44. Rb5 {[%clk 00:28:47]}
{[%emt 00:01:00]} Nxf3 {[%clk 00:36:03]} {[%emt 00:00:44]} 45. a5 {[%clk
00:28:55]} {[%emt 00:00:24]} Rc2+ {[%clk 00:35:55]} {[%emt 00:00:38]} 46. Kd5
{[%clk 00:28:52]} {[%emt 00:00:31]} Rc6 {[%clk 00:35:54]} {[%emt 00:00:31]} 47.
b4 {[%clk 00:28:16]} {[%emt 00:01:07]} h5 {[%clk 00:34:25]} {[%emt 00:01:59]}
48. Rc5 {[%clk 00:28:15]} {[%emt 00:00:31]} Rf6 {[%clk 00:33:39]} {[%emt
00:01:16]} 49. b5 {[%clk 00:27:32]} {[%emt 00:01:14]} Ka7 {[%clk 00:30:55]}
{[%emt 00:03:12]} 50. Kc4 {[%clk 00:25:38]} {[%emt 00:02:19]} Bd2 {[%clk
00:30:30]} {[%emt 00:01:01]} 51. d5 {[%clk 00:15:02]} {[%emt 00:11:05]} Bxa5
{[%clk 00:30:29]} {[%emt 00:00:31]} 52. Kd3 {[%clk 00:14:32]} {[%emt 00:00:56]}
Ng5 {[%clk 00:29:19]} {[%emt 00:01:43]} 53. Rc2 {[%clk 00:13:20]} {[%emt
00:01:35]} Bb6 {[%clk 00:28:14]} {[%emt 00:01:44]} 54. Rd2 {[%clk 00:11:44]}
{[%emt 00:01:59]} Kb8 {[%clk 00:25:35]} {[%emt 00:03:16]} 55. Re2 {[%clk
00:09:44]} {[%emt 00:02:28]} Rf3+ {[%clk 00:22:42]} {[%emt 00:03:25]} 56. Kd2
{[%clk 00:09:38]} {[%emt 00:00:31]} Ba5+ {[%clk 00:22:14]} {[%emt 00:01:03]}
57. Kc2 {[%clk 00:09:25]} {[%emt 00:00:42]} Rc3+ {[%clk 00:22:17]} {[%emt
00:00:27]} 58. Kb2 {[%clk 00:09:21]} {[%emt 00:00:30]} Rc5 {[%clk 00:22:29]}
{[%emt 00:00:21]} 59. Re8+ {[%clk 00:09:25]} {[%emt 00:00:24]} Ka7 {[%clk
00:22:29]} {[%emt 00:00:33]} 60. d6 {[%clk 00:08:37]} {[%emt 00:01:18]} Rxb5+
{[%clk 00:22:45]} {[%emt 00:00:13]} 61. Ka3 {[%clk 00:08:08]} {[%emt 00:01:49]}
Rd5 {[%clk 00:22:38]} {[%emt 00:00:36]} *

[Event "DVM U16w 2023"]
[Site "Magdeburg GER"]
[Date "2023.12.29"]
[Round "5"]
[White "Friedrich, Viktoria"]
[Black "Lankes, Selina"]
[Result "0-1"]
[Termination "normal"]
[Board "8.4"]
[WhiteElo "748"]
[BlackElo "933"]
[WhiteClock "00:05:25"]
[BlackClock "00:52:49"]
[WhiteTeam "SV Stuttgart-Wolfbusch 1956"]
[BlackTeam "SF Roding"]
[PlyCount "90"]
[WhiteFideId "34654569"]
[BlackFideId "34639756"]
[EventCountry "GER"]
[EventRounds "7"]
[EventType "team-swiss"]
[EventDate "2023.12.26"]

1. e4 {[%clk 01:30:57]} {[%emt 00:00:03]} c6 {[%clk 01:30:54]} {[%emt
00:00:05]} 2. Nf3 {[%clk 01:31:13]} {[%emt 00:00:14]} d5 {[%clk 01:31:12]}
{[%emt 00:00:11]} 3. exd5 {[%clk 01:31:08]} {[%emt 00:00:36]} cxd5 {[%clk
01:31:26]} {[%emt 00:00:15]} 4. Nc3 {[%clk 01:31:24]} {[%emt 00:00:14]} Nf6
{[%clk 01:31:39]} {[%emt 00:00:18]} 5. Bb5+ {[%clk 01:31:31]} {[%emt 00:00:22]}
Bd7 {[%clk 01:31:54]} {[%emt 00:00:16]} 6. d3 {[%clk 01:30:52]} {[%emt
00:01:07]} e6 {[%clk 01:31:25]} {[%emt 00:01:00]} 7. Bg5 {[%clk 01:30:46]}
{[%emt 00:00:37]} Nc6 {[%clk 01:31:10]} {[%emt 00:00:44]} 8. O-O {[%clk
01:30:46]} {[%emt 00:00:32]} Bd6 {[%clk 01:31:12]} {[%emt 00:00:27]} 9. Re1
{[%clk 01:29:12]} {[%emt 00:02:03]} O-O {[%clk 01:30:07]} {[%emt 00:01:36]} 10.
Nd2 {[%clk 01:26:30]} {[%emt 00:03:11]} a6 {[%clk 01:28:47]} {[%emt 00:01:51]}
11. Bxc6 {[%clk 01:26:13]} {[%emt 00:00:48]} Bxc6 {[%clk 01:28:59]} {[%emt
00:00:16]} 12. Rf1 {[%clk 01:24:30]} {[%emt 00:02:14]} Be7 {[%clk 01:28:47]}
{[%emt 00:00:43]} 13. Qf3 {[%clk 01:23:06]} {[%emt 00:01:52]} Qa5 {[%clk
01:27:53]} {[%emt 00:01:24]} 14. Qg3 {[%clk 01:21:23]} {[%emt 00:02:04]} Qb4
{[%clk 01:27:16]} {[%emt 00:01:16]} 15. d4 {[%clk 01:19:06]} {[%emt 00:02:48]}
Qxb2 {[%clk 01:26:29]} {[%emt 00:01:15]} 16. Rfc1 {[%clk 01:18:28]} {[%emt
00:01:09]} Rac8 {[%emt 00:02:04]} 17. Ne2 {[%emt 00:02:21]} Rfe8 {[%clk
01:21:31]} {[%emt 00:01:03]} 18. Bh6 {[%clk 01:16:23]} {[%emt 00:02:32]} Nh5
{[%clk 01:21:13]} {[%emt 00:00:51]} 19. Qg4 {[%clk 01:13:11]} {[%emt 00:03:44]}
g6 {[%clk 01:21:00]} {[%emt 00:00:41]} 20. Nf3 {[%clk 01:06:22]} {[%emt
00:07:21]} Bb5 {[%clk 01:19:41]} {[%emt 00:01:48]} 21. Nf4 {[%clk 01:00:05]}
{[%emt 00:06:48]} Nf6 {[%clk 01:15:50]} {[%emt 00:04:21]} 22. Qg5 {[%clk
00:53:54]} {[%emt 00:06:41]} Ne4 {[%clk 01:13:29]} {[%emt 00:02:51]} 23. Qg4
{[%clk 00:50:03]} {[%emt 00:04:19]} Bf6 {[%clk 01:13:28]} {[%emt 00:00:31]} 24.
Nh5 {[%clk 00:40:57]} {[%emt 00:09:37]} Rxc2 {[%clk 01:12:10]} {[%emt
00:01:49]} 25. Nxf6+ {[%emt 00:03:03]} Nxf6 {[%emt 00:00:12]} 26. Qh4 {[%clk
00:27:23]} {[%emt 00:10:49]} Rxc1+ {[%clk 01:11:11]} {[%emt 00:01:28]} 27. Rxc1
{[%clk 00:26:48]} {[%emt 00:01:05]} Ne4 {[%clk 01:10:44]} {[%emt 00:00:52]} 28.
h3 {[%clk 00:17:50]} {[%emt 00:09:35]} Be2 {[%clk 01:06:08]} {[%emt 00:05:05]}
29. Ng5 {[%clk 00:15:22]} {[%emt 00:02:59]} Qxd4 {[%clk 00:57:09]} {[%emt
00:09:28]} 30. Nxe4 {[%clk 00:12:02]} {[%emt 00:03:51]} dxe4 {[%clk 00:54:18]}
{[%emt 00:03:21]} 31. a3 {[%clk 00:10:25]} {[%emt 00:02:08]} Qe5 {[%clk
00:53:47]} {[%emt 00:00:58]} 32. a4 {[%clk 00:08:53]} {[%emt 00:02:05]} f6
{[%clk 00:53:34]} {[%emt 00:00:43]} 33. Re1 {[%clk 00:07:10]} {[%emt 00:02:12]}
Bd3 {[%clk 00:53:16]} {[%emt 00:00:47]} 34. f3 {[%clk 00:06:49]} {[%emt
00:00:52]} b5 {[%clk 00:53:34]} {[%emt 00:00:13]} 35. fxe4 {[%clk 00:06:39]}
{[%emt 00:00:37]} b4 {[%clk 00:53:12]} {[%emt 00:00:54]} 36. g3 {[%clk
00:05:36]} {[%emt 00:01:33]} b3 {[%clk 00:53:01]} {[%emt 00:00:42]} 37. Bf4
{[%clk 00:05:58]} {[%emt 00:00:08]} Qd4+ {[%clk 00:52:46]} {[%emt 00:00:44]}
38. Be3 {[%clk 00:05:48]} {[%emt 00:00:41]} Qc3 {[%clk 00:52:47]} {[%emt
00:00:28]} 39. Rc1 {[%clk 00:05:23]} {[%emt 00:00:56]} b2 {[%clk 00:52:19]}
{[%emt 00:00:58]} 40. Rxc3 {[%clk 00:05:13]} {[%emt 00:00:40]} b1=Q+ {[%clk
00:52:32]} {[%emt 00:00:16]} 41. Kf2 {[%clk 00:05:18]} {[%emt 00:00:25]} Qb2+
{[%clk 00:52:52]} {[%emt 00:00:11]} 42. Kf3 {[%clk 00:05:42]} {[%emt 00:00:06]}
Qxc3 {[%clk 00:52:44]} {[%emt 00:00:37]} 43. Bh6 {[%clk 00:05:34]} {[%emt
00:00:38]} Bc2+ {[%clk 00:52:42]} {[%emt 00:00:31]} 44. Kf4 {[%clk 00:05:25]}
{[%emt 00:01:51]} e5+ {[%clk 00:52:32]} {[%emt 00:00:40]} 45. Kg4 {[%clk
00:05:25]} {[%emt 00:00:14]} Bd1# {[%clk 00:52:49]} {[%emt 00:00:29]} 0-1